| 000 | 01233cam a2200409 i 4500 | ||
|---|---|---|---|
| 001 | 55104 | ||
| 003 | KOSZ 005 | ||
| 005 | 20240405063206.0 | ||
| 008 | 080401s2008 pl a |000 0 pol | ||
| 015 | _aPB 2008/26417 | ||
| 020 | _a9788392532293 | ||
| 040 |
_aWA N _cWA N _dKOSZ 005/HR |
||
| 041 | 1 |
_apol _heng |
|
| 046 | _k2008 | ||
| 080 | _a94(515) | ||
| 080 | _a94(510) | ||
| 080 | _a343.4 | ||
| 245 | 0 | 0 |
_aTybet : _bzamiast nadziei i błogosławieństw / _c[tekst, przekł. Adam Kozieł]. |
| 260 |
_aWarszawa : _bStowarzyszenie Studenci dla Wolnego Tybetu, _c2008. |
||
| 300 |
_a650 s. : _bil. ; _c25 cm. |
||
| 380 | _aKsiążki | ||
| 388 | _a2001- | ||
| 546 | _aTł. z ang. | ||
| 648 | _a1901-2000 | ||
| 648 | _a1945-1989 | ||
| 648 | _a1989-2000 | ||
| 648 | _a2001- | ||
| 650 | 4 | _aPrawa człowieka | |
| 650 | 4 | _aPolityka | |
| 651 | 4 | _aChiny | |
| 651 | 4 | _aTybet (Chiny) | |
| 658 | _aPolityka, politologia, administracja publiczna | ||
| 658 | _aHistoria | ||
| 700 | 1 |
_aKozieł, Adam _d(1964- ) _eOpracowanie |
|
| 856 |
_uhttp://koha.tu.koszalin.pl/cgi-bin/koha/opac-detail.pl?biblionumber=55104 _yKatalog online BPK |
||
| 942 |
_2UKD _cKS |
||
| 999 |
_c55104 _d55104 |
||